LEADER 01143nam a2200217 4500 001 000000359423 003 CaOOAMICUS 005 20240820115959.0 008 240820s1830 it 000 u ita r 026 $eredi a.re cae- stfo (7) 1830 (R) 040 $aSeMil$bita 245 10$aCompendio storico sull'origine, progresso e stato attuale del nuovo stabilimento di beneficenza e di religiosa carità ossia ospitale eretto nel locale di Sant'Ambrogio ad Nemus, con una breve apologia. 264 1$aMilano :$bCo' tipi di Omobono Manini,$c1830. 300 $a50, [4] p. ;$c8° 700 1 $aManini, Omobono,$c.$0(OLS)http://semarc/name/14804 850 $aSeMil 852 $aSeMil$W1$xVenegono$y1$m3Z VI 8/6 FA$j250361$B250508$CSeMilBibl$Z2$F250508 $8I 941 1 $a10 996 $6245$aCompendio storico sull'origine, progresso e stato attuale del nuovo stabilimento di beneficenza e di religiosa carità ossia ospitale eretto nel locale di Sant'Ambrogio ad Nemus, con una breve apologia$9(OLS)http://semarc/title/449873 996 $6264$aMilano :$bCo' tipi di Omobono Manini$9(OLS)http://semarc/publisher/61901 LEADER 01017nam a2200265 i 4500 001 000000127044 003 CaOOAMICUS 005 20070312000000.0 008 070312s2001 sp u000 u spa u 013 $a99752 020 $a84-7100-799-1 040 $aSeMil$bita 100 1 $aAbel i Fabre, Francesc.$0(OLS)http://semarc/name/52810 245 10$aBioética :$boŕgenes, presente y futuro /$cDr. Francesc Abel i Fabre. 260 $aMadrid :$bMapfre,$ccopyr. 2002. 300 $aXIX, 266 p. ;$c24 cm. 500 $aFondo Card. C.M. Martini. 650 4$aBioetica - Storia.$0(OLS)http://semarc/subject/13763 850 $aSeMil 852 $aSeMil$W1$xVenegono$y1$m2E IV 308$j81374$B81374$CSeMilBibl$Z2$F121830 $81 941 1 $a4 961 $aOmaggio: Martini Card. Carlo Maria 996 $6020$a84-7100-799-1$9(OLS)http://semarc/number/113360 996 $6245$aBioética :$boŕgenes, presente y futuro$9(OLS)http://semarc/title/187417 996 $6260$aMadrid :$bMapfre$9(OLS)http://semarc/publisher/46507